| 000 -LEADER |
| fixed length control field |
00687cam a2200253 a 4500 |
| 001 - CONTROL NUMBER |
| control field |
005121848 |
| 003 - CONTROL NUMBER IDENTIFIER |
| control field |
OCoLC |
| 005 - DATE AND TIME OF LATEST TRANSACTION |
| control field |
20191205160914.0 |
| 008 - FIXED-LENGTH DATA ELEMENTS--GENERAL INFORMATION |
| fixed length control field |
890503r19881987enk 000 1 eng d |
| 015 ## - NATIONAL BIBLIOGRAPHY NUMBER |
| National bibliography number |
GB89-40478 |
| 020 ## - INTERNATIONAL STANDARD BOOK NUMBER |
| International Standard Book Number |
0552131067 (pbk.) |
| 020 ## - INTERNATIONAL STANDARD BOOK NUMBER |
| International Standard Book Number |
9780552131063 (pbk.) |
| 040 ## - CATALOGING SOURCE |
| Original cataloging agency |
UKM |
| Transcribing agency |
UKM |
| Modifying agency |
BGU |
| -- |
NCTU |
| 042 ## - AUTHENTICATION CODE |
| Authentication code |
nbic |
| 082 ## - DEWEY DECIMAL CLASSIFICATION NUMBER |
| Classification number |
FIC PRA |
| 100 1# - MAIN ENTRY--PERSONAL NAME |
| Personal name |
Pratchett, Terry. |
| Relator term |
author |
| 245 10 - TITLE STATEMENT |
| Title |
Mort / |
| Statement of responsibility, etc. |
Terry Pratchett. |
| 260 ## - PUBLICATION, DISTRIBUTION, ETC. |
| Place of publication, distribution, etc. |
London : |
| Name of publisher, distributor, etc. |
Corgi, |
| Date of publication, distribution, etc. |
1988. |
| 300 ## - PHYSICAL DESCRIPTION |
| Extent |
315p. ; |
| Dimensions |
18 cm. |
| 490 0# - SERIES STATEMENT |
| Series statement |
The Discworld series. |
| 500 ## - GENERAL NOTE |
| General note |
Originally published: London : Gollancz, 1987. |
| 650 #0 - SUBJECT ADDED ENTRY--TOPICAL TERM |
| Topical term or geographic name entry element |
Discworld (Imaginary place) |
| Form subdivision |
Fiction. |
| 942 ## - ADDED ENTRY ELEMENTS (KOHA) |
| Source of classification or shelving scheme |
|
| Koha item type |
Books - Fiction |